00586 2200217 4500001002100000005001500021035002000036007000300056008004100059020001800100082001000118084001600128100002500144245007100169250000900240260004600249300002100295650002800316990001200344990001200356INLIS00000000000000620170829035725 a0010-0817000005ta170829 0 ind  a979-592-387-0 a297.9 a297.9 Sya t0 aMursi Muhammad Sa'id1 aTokoh-Tokoh Besar Islam Sepanjang Sejarah /cMursi, Muhammad Sa'id aed 2 aJakarta Timur :bPustaka Alkautsar,c2005 a477 hlm ;c24 cm aTokoh-tokoh Besar Islam a1071793 a10734 a